000 00936cam a2200241 a 4500
003 MX-MxUPN
005 20250306090934.0
008 171024s2016 mx fr 000 0 spa d
020 _a97839427755306
035 _aUPN01000221271
040 _aMX-MxUPN
_bspa
050 4 _aLC5225 T4
_bC8.7
245 0 3 _aEl currículum global para la formación de educadoras y educadores de personas jóvenes y adultas de América Latina
260 _aFederal Republic of Germany :
_bGerman Institute for Adult Education,
_cc2016.
300 _a156 páginas
_bilustraciones a color, cuadros
650 4 _aMaestros de educación de adultos
_xFormación profesional
_9849
650 4 _aEducación de adultos
_zAmérica Latina
_913359
650 4 _aAdultos jóvenes
_xEducación
_zAmérica Latina
_926360
700 1 _aCampero Cuenca, Carmen
_ecoordinación
_928633
902 _bVíctorGodínez/070225
942 _2lcc
_cLIBRO
999 _c193370
_d193370